00664 2200277 4500001002100000005001500021035002000036008004100056245004500097100002300142250000600165260003200171300002900203020002200232084001400254082000800268650001400276990001200290990001200302990001200314990001200326990001200338990001200350990001200362990001200374INLIS00000000000002820240502103321 a0010-0424000004240502 0 ind 1 aMatematika Kelas XI /cSudianto Manulang aManulang, Sudianto a1 aJakarta :bKEMDIKBUD,c2017 a335 hlm ;c17 cm x 25 cm a978-602-282-106-9 a510 SUD m a510 4aNon Fiksi a0737534 a0737535 a0737536 a0737537 a0737538 a0737539 a0737540 a0737541